Angielskie kluby piłkarskie - nagła śmierć - Statystyki

Ogólne statystyki
  • Ten quiz został rozwiązany 223 razy
  • Średni wynik to 13 z 15
Answers on the Grid
Answers color-coded by a green-red scale on the quiz's grid according to % correct below.
Ispwich Town
Norwich
Hoffenheim
Famalicao
Manchester United
Manchester City
Liverpool
Chelsea
West Bromwich Albion
Celtic
Caernarfon Town
Olympiakos Pireus
Newcastle United
Brighton & Hove
PSG
Nicea
Kopenhaga
Vikingur Reykjavik
Arsenal
Tottenham
Aston Villa
Malmo
Midtjylland
Fulham
Leeds United
Brentford
 
Statystyki odpowiedzi
Odpowiedź % Poprawnych
Liverpool
95%
Manchester United
94%
Chelsea
93%
Manchester City
93%
Ispwich Town
90%
Norwich
90%
Arsenal
83%
Leeds United
83%
Newcastle United
83%
Tottenham
83%
West Bromwich Albion
83%
Aston Villa
82%
Brentford
82%
Fulham
82%
Brighton & Hove
78%
Nie znaleziono quizów pasujących do podanych kryteriów
Rozkład punktacji
Procent ludzi z każdym wynikiem
Percentyl według liczby udzielonych odpowiedzi
Twoja historia wyników
Nie rozwiązałeś tego quizu